000 01311nam a2200325 i 4500
003 EG-GICUC
005 20260127200504.0
008 260127s1990 ua ||||fr|||| 001 0 ara d
017 _a1990/5329
040 _a EG-GICUC
_bara
_c EG-GICUC
_d EG-GICUC
_erda
041 _aara
082 0 4 _a343.421
_bأ ح . م
_221
092 0 4 _221
099 _aLaw1 10 343.421 أ ح . م 1990 1006881
100 0 _aأحمد سعيد عبد الخالق.
_eمؤلف.
245 1 0 _aالموسوعة القانونية في جرائم المخدرات.
_nالمجلد الأول /
_cتأليف أحمد سعيد عبد الخالق.
264 1 _aالقاهرة :
_bدار الولاء للطباعة،
_c1990.
300 _a671 صفحة ؛
_c24 سم.
_bإيضاحيات، صور، مثيليات ؛
336 _2rda content
_atext
337 _2rda media
_aComputer
338 _2rda carrier
_aOnline Resource
504 _aيشتمل على ارجاعات ببليوجرافية.
546 _aالنص باللغة العربية
650 1 _a التشريعات المتعلقة بالمخدرات.
_2qrmak
650 1 _aالتشريعات الجنائية الخاصة.
_2qrmak
651 1 _2qrmak
856 4 0 _uhttps://fll.law.cu.edu.eg/fulltext/bks/B10-06881.pdf
905 _a18
942 _2ddc
_n0
_cBK
_e21
999 _c59807
_d59807